000 00627nam a22001817a 4500
003 BUBTL
008 171227b xxu||||| |||| 00| 0 eng d
020 _a978-984-404-269-8
082 _a891.443 / RAS
100 _91686
_aরায়হান,জহির
245 _aশেষ বিকেলের মেয়ে /
_cজহির রায়হান
260 _aঢাকা :
_bঅনুপম প্রকাশনী,
_cc1998
300 _a80 p. :
_c21 cm.
650 0 _91687
_aবাংলা সাহিত্য
856 _k0
_l0
_yDownload
942 _2ddc
_cBK
999 _c5621
_d5621